000
00295nam a22001337a 4500
008
170414b xxu||||| |||| 00| 0 eng d
020
_a
0397506359
041
_a
eng
080
_2
2ND
_a
612.39
100
_a
10
101
_a
SHM
245
_a
CLINICAL NUTRITION
_c
HALPERN, S.L
942
_2
udc
_c
BK
999
_c
10756
_d
10756